| 000 | 01183cab a2200325 4500 | ||
|---|---|---|---|
| 001 | WB2832-88 | ||
| 008 | 090401t1992 xxu||||| |||| 00| 0 eng d | ||
| 035 | _a(Sirsi) u1520 | ||
| 041 | _aeng | ||
| 245 | _aSwale project rejected | ||
| 260 | _c1992 | ||
| 350 | _a0 | ||
| 490 |
_aFinancial Times _v6 August 1992, 6 |
||
| 490 |
_aPlanning (for the Natural and Built Environment) _v(980) 7 August 1992, 24 |
||
| 490 |
_aEstates Times _v(1155) 7 August 1992, 1(2) |
||
| 520 | _aThe Government has rejected plans for development of the Isle of Sheppey, which was expected to bring economic benefits to the depressed region, on the grounds that rare habitat would be damaged and traffic would increase. In addition, the area structure plan did not allow for such extensive development. | ||
| 650 | _aCITIBANK | ||
| 650 | _aCONGESTION | ||
| 650 | _aISLE OF SHEPPEY | ||
| 650 | _aKENT | ||
| 650 | _aLIONHOPE | ||
| 650 | _aMEDWAY MARSHES | ||
| 650 | _aSITES OF SPECIAL SCIENTIFIC INTEREST | ||
| 650 | _aSTRUCTURE PLANS | ||
| 650 | _aSWALE PROJECT | ||
| 690 | _aPROPERTY-PROPERTY DEVELOPMENT | ||
| 690 | _aPLANNING LAW AND PRACTICE | ||
| 942 | _n0 | ||
| 948 | _c04/03/1997 | ||
| 999 |
_c853 _d853 |
||